[Event "Bundesliga 2223"]
[Site "Germany"]
[Date "2022.10.22"]
[Round "1.5"]
[White "Seyb, Alexander"]
[Black "Dragnev, Valentin"]
[Result "1/2-1/2"]
[WhiteElo "2441"]
[BlackElo "2544"]
[PlyCount "41"]
[EventDate "2022.10.21"]
[EventType "team-tourn"]
[EventRounds "15"]
[EventCountry "GER"]
[SourceTitle "CBM 211"]
[Source "ChessBase"]
[SourceDate "2022.12.31"]
[SourceVersion "1"]
[SourceVersionDate "2022.12.31"]
[SourceQuality "1"]
[WhiteTeam "Berlin SF"]
[BlackTeam "Bayern Muenchen"]
[WhiteTeamCountry "GER"]
[BlackTeamCountry "GER"]

1. e4 e5 2. Nf3 Nc6 3. Bb5 a6 4. Ba4 Nf6 5. 0-0 Nxe4 6. d4 b5 7. Bb3 d5 8. dxe5 Be6 9. Nbd2 Nc5 10. c3 Be7 11. Bc2 d4 12. Nb3 d3 13. Nxc5 dxc2 14. Qxd8+ Rxd8 15. Nxe6 fxe6 16. Be3 Rd5 17. Rfc1 Nxe5 18. Nxe5 Rxe5 19. Rxc2 Rd5 20. c4 Rd7 21. Kf1 1/2-1/2

[Event "BL2-Nord 1920"]
[Site "Germany"]
[Date "2019.11.24"]
[Round "4.4"]
[White "Seyb, Alexander"]
[Black "Stachowiak, Kamil"]
[Result "1-0"]
[WhiteElo "2429"]
[BlackElo "2442"]
[PlyCount "51"]
[EventDate "2019.10.19"]
[EventType "team-tourn"]
[EventRounds "9"]
[EventCountry "GER"]
[SourceTitle "CBM 194 Extra"]
[Source "ChessBase"]
[SourceDate "2020.03.31"]
[SourceVersion "1"]
[SourceVersionDate "2020.03.31"]
[SourceQuality "1"]
[WhiteTeam "Berlin SF II"]
[BlackTeam "Zehlendorf"]
[WhiteTeamCountry "GER"]
[BlackTeamCountry "GER"]

1. e4 c5 2. Nf3 d6 3. d4 cxd4 4. Nxd4 Nf6 5. Nc3 a6 6. Be3 g6 7. f3 Bg7 8. Qd2 Nbd7 9. g4 Ne5 10. h3 b5 11. f4 Nc4 12. Bxc4 bxc4 13. e5 dxe5 14. fxe5 Nd7 15. e6 Ne5 16. exf7+ Nxf7 17. 0-0-0 Bd7 18. Qg2 Qc8 19. Nd5 Rb8 20. Rhf1 Qb7 21. b3 e5 22. Rxf7 Kxf7 23. Qf2+ Ke8 24. Nf6+ Ke7 25. Nxd7 exd4 26. Bxd4 1-0

[Event "BL2-Nord 1920"]
[Site "Germany"]
[Date "2019.10.20"]
[Round "2.3"]
[White "Biastoch, Bennet"]
[Black "Seyb, Alexander"]
[Result "1/2-1/2"]
[WhiteElo "2256"]
[BlackElo "2429"]
[PlyCount "32"]
[EventDate "2019.10.19"]
[EventType "team-tourn"]
[EventRounds "9"]
[EventCountry "GER"]
[SourceTitle "CBM 194 Extra"]
[Source "ChessBase"]
[SourceDate "2020.03.31"]
[SourceVersion "1"]
[SourceVersionDate "2020.03.31"]
[SourceQuality "1"]
[WhiteTeam "Magdeburg"]
[BlackTeam "Berlin SF II"]
[WhiteTeamCountry "GER"]
[BlackTeamCountry "GER"]

1. e4 c5 2. Nf3 e6 3. d4 cxd4 4. Nxd4 a6 5. Bd3 Nf6 6. 0-0 Qc7 7. Qe2 d6 8. c4 g6 9. Nc3 Bg7 10. Nf3 0-0 11. Rd1 Nfd7 12. Bd2 Nc6 13. Rac1 Nde5 14. Nxe5 dxe5 15. Nd5 Qd8 16. Ne3 Bd7 1/2-1/2

[Event "BL2-Nord 1819"]
[Site "Germany"]
[Date "2019.02.02"]
[Round "5.2"]
[White "Colpe, Malte"]
[Black "Seyb, Alexander"]
[Result "1/2-1/2"]
[WhiteElo "2374"]
[BlackElo "2417"]
[PlyCount "34"]
[EventDate "2018.11.10"]
[EventType "team-tourn"]
[EventRounds "10"]
[EventCountry "GER"]
[SourceTitle "CBM 190 Extra"]
[Source "ChessBase"]
[SourceDate "2019.07.15"]
[SourceVersion "1"]
[SourceVersionDate "2019.07.15"]
[SourceQuality "1"]
[WhiteTeam "Hamburger SK II"]
[BlackTeam "Berlin SF II"]
[WhiteTeamCountry "GER"]
[BlackTeamCountry "GER"]

1. d4 Nf6 2. Nf3 g6 3. Bg5 Bg7 4. Nbd2 d6 5. c3 Nbd7 6. e4 h6 7. Bh4 Nh5 8. Qc2 g5 9. Bg3 e6 10. Be2 Qe7 11. 0-0-0 Nb6 12. Nc4 Nxc4 13. Bxc4 Bd7 14. e5 d5 15. Bd3 0-0-0 16. Qe2 Kb8 17. Kb1 Rc8 1/2-1/2

[Event "Sitges Sunway op-A 5th"]
[Site "Sitges"]
[Date "2018.12.23"]
[Round "10"]
[White "Bharath, Subramaniyam H"]
[Black "Seyb, Alexander"]
[Result "1/2-1/2"]
[WhiteElo "2234"]
[BlackElo "2419"]
[PlyCount "79"]
[EventDate "2018.12.14"]
[EventType "swiss"]
[EventRounds "10"]
[EventCountry "ESP"]
[SourceTitle "CBM 187 Extra"]
[Source "ChessBase"]
[SourceDate "2018.11.04"]
[SourceVersion "1"]
[SourceVersionDate "2018.11.04"]
[SourceQuality "1"]

1. e4 c5 2. c3 d5 3. exd5 Qxd5 4. d4 g6 5. Nf3 Bg7 6. Be3 cxd4 7. cxd4 Nh6 8. Nc3 Qd8 9. Bc4 0-0 10. 0-0 Nd7 11. Qe2 Nb6 12. Bb3 Nf5 13. Bf4 Nxd4 14. Nxd4 Qxd4 15. Bg3 Bg4 16. Qxe7 Qd7 17. Rae1 Qxe7 18. Rxe7 Nd7 19. Ne4 Bxb2 20. h3 Bf5 21. Nd6 Nc5 22. Bxf7+ Kh8 23. Nxb7 Ne4 24. Bf4 Bf6 25. Rc7 Rac8 26. Bb3 Rxc7 27. Bxc7 Nd2 28. Re1 Nxb3 29. axb3 Rf7 30. Bd8 Rxb7 31. Bxf6+ Kg8 32. Ra1 Rxb3 33. Rxa7 h5 34. Kh2 Rd3 35. f3 Rd7 36. Ra8+ Kf7 37. Bg5 Be6 38. Kg3 Rd5 39. Ra7+ Rd7 40. Rxd7+ 1/2-1/2

[Event "EU-Cup 34th"]
[Site "Porto Carras"]
[Date "2018.10.15"]
[Round "4.4"]
[White "Antipov, Mikhail Al"]
[Black "Seyb, Alexander"]
[Result "1-0"]
[WhiteElo "2593"]
[BlackElo "2411"]
[PlyCount "45"]
[EventDate "2018.10.12"]
[EventType "team-swiss"]
[EventRounds "7"]
[EventCountry "GRE"]
[SourceTitle "CBM 187"]
[Source "ChessBase"]
[SourceDate "2018.12.11"]
[SourceVersion "1"]
[SourceVersionDate "2018.12.11"]
[SourceQuality "1"]
[WhiteTeam "Molodezhka"]
[BlackTeam "Berlin SF"]
[WhiteTeamCountry "RUS"]
[BlackTeamCountry "GER"]

1. d4 Nf6 2. Bg5 e6 3. e4 h6 4. Bxf6 Qxf6 5. c3 d6 6. Bd3 Qg6 7. g3 e5 8. Nf3 Bg4 9. Qb3 Nd7 10. Nh4 Qf6 11. Qxb7 Rb8 12. Qxc7 d5 13. h3 Bf3 14. 0-0 dxe4 15. Nxf3 Qxf3 16. Bc2 Be7 17. Bd1 Qd3 18. Ba4 0-0 19. Qxd7 e3 20. Qxe7 exf2+ 21. Kg2 e4 22. Rxf2 e3 23. Bc2 1-0

[Event "EU-Cup 34th"]
[Site "Porto Carras"]
[Date "2018.10.14"]
[Round "3.5"]
[White "Seyb, Alexander"]
[Black "Van Dommelen, Martin"]
[Result "1-0"]
[WhiteElo "2411"]
[BlackElo "2177"]
[PlyCount "71"]
[EventDate "2018.10.12"]
[EventType "team-swiss"]
[EventRounds "7"]
[EventCountry "GRE"]
[SourceTitle "CBM 187"]
[Source "ChessBase"]
[SourceDate "2018.12.11"]
[SourceVersion "1"]
[SourceVersionDate "2018.12.11"]
[SourceQuality "1"]
[WhiteTeam "Berlin SF"]
[BlackTeam "Apeldoorn MuConsult"]
[WhiteTeamCountry "GER"]
[BlackTeamCountry "NED"]

1. e4 d6 2. d4 Nf6 3. Nc3 e5 4. Nf3 exd4 5. Nxd4 Be7 6. Be2 0-0 7. Bf4 Nc6 8. Qd2 Nxd4 9. Qxd4 Be6 10. 0-0-0 Nd7 11. h4 a6 12. g4 b5 13. g5 Re8 14. Qd2 Bf8 15. h5 b4 16. Nd5 c5 17. g6 h6 18. Bc4 Nf6 19. f3 a5 20. Rdg1 Kh8 21. Bb5 a4 22. Bxe8 Nxe8 23. c4 a3 24. b3 Ra7 25. Kb1 Nf6 26. Rh2 Ng8 27. Bg3 Rd7 28. Bh4 Qe8 29. Re2 fxg6 30. hxg6 Bxd5 31. exd5 Be7 32. Qf4 Qd8 33. Bxe7 Rxe7 34. Rge1 Qe8 35. Rxe7 Nxe7 36. Qf7 1-0

[Event "CRO-chT1B 27th"]
[Site "Biograd"]
[Date "2018.09.20"]
[Round "6.42"]
[White "Galyas, Miklos"]
[Black "Seyb, Alexander"]
[Result "1/2-1/2"]
[WhiteElo "2512"]
[BlackElo "2388"]
[PlyCount "43"]
[EventDate "2018.09.15"]
[EventType "team-swiss"]
[EventRounds "9"]
[EventCountry "CRO"]
[SourceTitle "CBM 186 Extra"]
[Source "ChessBase"]
[SourceDate "2018.08.24"]
[SourceVersion "1"]
[SourceVersionDate "2018.08.24"]
[SourceQuality "1"]
[WhiteTeam "Split Mornar"]
[BlackTeam "Split Brda"]
[WhiteTeamCountry "CRO"]
[BlackTeamCountry "CRO"]

1. Nf3 g6 2. e4 d6 3. d4 Nf6 4. Nc3 Bg7 5. Be2 0-0 6. 0-0 c6 7. a4 Qc7 8. Bf4 Nbd7 9. e5 dxe5 10. Nxe5 Nxe5 11. Bxe5 Qa5 12. Bc4 Bf5 13. Qe2 Bh6 14. h3 Rad8 15. Rad1 Nd5 16. Nxd5 cxd5 17. Bb3 Bd7 18. Qf3 Bc6 19. Rfe1 Qb4 20. Bf4 Bxf4 21. Qxf4 Rfe8 22. Qd2 1/2-1/2

[Event "CRO-chT1B 27th"]
[Site "Biograd"]
[Date "2018.09.19"]
[Round "5.22"]
[White "Seyb, Alexander"]
[Black "Kadric, Denis"]
[Result "1/2-1/2"]
[WhiteElo "2388"]
[BlackElo "2543"]
[PlyCount "40"]
[EventDate "2018.09.15"]
[EventType "team-swiss"]
[EventRounds "9"]
[EventCountry "CRO"]
[SourceTitle "CBM 186 Extra"]
[Source "ChessBase"]
[SourceDate "2018.08.24"]
[SourceVersion "1"]
[SourceVersionDate "2018.08.24"]
[SourceQuality "1"]
[WhiteTeam "Split Brda"]
[BlackTeam "Vinkovci"]
[WhiteTeamCountry "CRO"]
[BlackTeamCountry "CRO"]

1. e4 Nc6 2. Nf3 d6 3. d4 Nf6 4. Nc3 g6 5. Bb5 a6 6. Bxc6+ bxc6 7. 0-0 Bg7 8. Re1 0-0 9. Bg5 h6 10. Be3 Rb8 11. Rb1 Nd7 12. Qd2 Kh7 13. h3 e6 14. b3 Bb7 15. Rbd1 Qe7 16. Na4 e5 17. c4 exd4 18. Bxd4 Bxd4 19. Qxd4 c5 20. Qd3 Rbe8 1/2-1/2

[Event "CRO-chT1B 27th"]
[Site "Biograd"]
[Date "2018.09.15"]
[Round "1.22"]
[White "Horvath, Adam"]
[Black "Seyb, Alexander"]
[Result "1/2-1/2"]
[WhiteElo "2482"]
[BlackElo "2388"]
[PlyCount "76"]
[EventDate "2018.09.15"]
[EventType "team-swiss"]
[EventRounds "9"]
[EventCountry "CRO"]
[SourceTitle "CBM 186 Extra"]
[Source "ChessBase"]
[SourceDate "2018.08.24"]
[SourceVersion "1"]
[SourceVersionDate "2018.08.24"]
[SourceQuality "1"]
[WhiteTeam "Slavonski Brod Dakovic"]
[BlackTeam "Split Brda"]
[WhiteTeamCountry "CRO"]
[BlackTeamCountry "CRO"]

1. e4 c5 2. Nf3 d6 3. d4 cxd4 4. Nxd4 Nf6 5. Nc3 a6 6. Be2 e5 7. Nb3 Be7 8. Be3 Be6 9. Qd3 0-0 10. Nd5 Nbd7 11. 0-0 Bxd5 12. exd5 Ne8 13. a4 Bg5 14. a5 Bxe3 15. Qxe3 Nef6 16. c4 Qc7 17. Nd2 Rfb8 18. b4 b6 19. axb6 Rxb6 20. Ra4 Rab8 21. Qa3 Qb7 22. Rb1 Nc5 23. bxc5 Rxb1+ 24. Nxb1 Qxb1+ 25. Bf1 Ne4 26. Rxa6 Qc2 27. Qe3 g6 28. f3 Nd2 29. Qd3 Qc1 30. cxd6 Rb1 31. h3 Nxf1 32. Ra8+ Kg7 33. Qxb1 Qxb1 34. d7 Qe1 35. d8Q Ne3+ 36. Kh2 Nf1+ 37. Kg1 Ne3+ 38. Kh2 Nf1+ 1/2-1/2

[Event "Berlin Lasker 150 blitz op"]
[Site "Berlin"]
[Date "2018.04.28"]
[Round "5"]
[White "Van Foreest, Jorden"]
[Black "Seyb, Alexander"]
[Result "0-1"]
[WhiteElo "2631"]
[BlackElo "2395"]
[PlyCount "164"]
[EventDate "2018.04.28"]
[EventType "swiss (blitz)"]
[EventRounds "8"]
[EventCountry "GER"]
[SourceTitle "CBM 184 Extra"]
[Source "ChessBase"]
[SourceDate "2018.06.28"]
[SourceVersion "1"]
[SourceVersionDate "2018.06.28"]
[SourceQuality "1"]

1. e4 e5 2. Nf3 Nc6 3. Bb5 a6 4. Ba4 g6 5. d4 exd4 6. Bg5 Be7 7. Bxe7 Qxe7 8. Bxc6 dxc6 9. Qxd4 Nf6 10. Nc3 Bg4 11. Nd2 c5 12. Qe3 0-0-0 13. h3 Bd7 14. 0-0-0 Bc6 15. f3 b6 16. g4 Kb7 17. Nc4 Qe6 18. b3 Bb5 19. Nd2 Rd4 20. a4 Bc6 21. Ne2 Rd7 22. a5 Qe5 23. Qc3 Qxc3 24. Nxc3 Bb5 25. h4 Rhd8 26. Rhe1 bxa5 27. Na4 Bxa4 28. bxa4 Rd4 29. Nb3 Rxd1+ 30. Rxd1 Rxd1+ 31. Kxd1 Kb6 32. Nd2 Nd7 33. Nc4+ Kc6 34. Nxa5+ Kd6 35. Nc4+ Ke6 36. Kd2 h6 37. f4 Nf6 38. f5+ Ke7 39. Ke3 Nxg4+ 40. Kf4 Nf6 41. Ne5 g5+ 42. hxg5 hxg5+ 43. Kxg5 Nxe4+ 44. Kf4 Nf6 45. Nc4 Nd5+ 46. Kf3 Nb6 47. Nb2 Kd6 48. Ke4 a5 49. c3 c4 50. Kd4 c5+ 51. Ke4 f6 52. Kf4 Kd5 53. Nd1 Kc6 54. Nb2 Nd5+ 55. Kf3 Nb6 56. Ke4 Kd7 57. Kf4 Kd6 58. Ke4 Kc6 59. Kf4 Nxa4 60. Nxc4 Nxc3 61. Nxa5+ Kd5 62. Kg4 c4 63. Kf4 Ne2+ 64. Ke3 Nd4 65. Nb7 Nxf5+ 66. Kf4 Nd6 67. Nd8 f5 68. Ke3 c3 69. Kd3 Ne4 70. Nf7 Ke6 71. Nd8+ Ke5 72. Nc6+ Kf4 73. Nd4 Kg5 74. Ke3 Nc5 75. Nf3+ Kg4 76. Nh2+ Kh3 77. Nf3 Kg3 78. Ne1 f4+ 79. Kd4 f3 80. Nc2 f2 81. Ne3 Kf3 82. Nf1 c2 0-1

[Event "Bundesliga 1718"]
[Site "Germany"]
[Date "2018.02.04"]
[Round "8.7"]
[White "Seyb, Alexander"]
[Black "Banusz, Tamas"]
[Result "0-1"]
[WhiteElo "2403"]
[BlackElo "2617"]
[PlyCount "116"]
[EventDate "2017.10.21"]
[EventType "team-tourn"]
[EventRounds "15"]
[EventCountry "GER"]
[SourceTitle "CBM 183"]
[Source "ChessBase"]
[SourceDate "2018.03.14"]
[SourceVersion "1"]
[SourceVersionDate "2018.03.14"]
[SourceQuality "1"]
[WhiteTeam "Berlin SF"]
[BlackTeam "Hockenheim"]
[WhiteTeamCountry "GER"]
[BlackTeamCountry "GER"]

1. e4 e5 2. Nf3 Nc6 3. d4 exd4 4. Nxd4 Nf6 5. Nxc6 bxc6 6. e5 Qe7 7. Qe2 Nd5 8. c4 Nb6 9. Nc3 Qe6 10. Qe4 g6 11. f4 d5 12. cxd5 cxd5 13. Qc2 a6 14. Be2 c5 15. 0-0 Be7 16. Bf3 Bb7 17. a4 Rb8 18. a5 Nd7 19. Bd2 0-0 20. Rae1 d4 21. Ne4 c4 22. Kh1 Rfd8 23. f5 Qxf5 24. Qxc4 Nxe5 25. Qc7 Nxf3 26. Rxf3 Qd7 27. Nf6+ Bxf6 28. Qxd7 Rxd7 29. Rxf6 Kg7 30. Rf2 f5 31. Bf4 Rc8 32. Rd2 d3 33. Be5+ Kf7 34. Bc3 Be4 35. Kg1 Ke6 36. Kf2 Kd5 37. Ra1 f4 38. Rdd1 Re7 39. Re1 Rc4 40. h4 Rb7 41. Ra2 h6 42. Rh1 Ke6 43. Rg1 Kf5 44. g4+ Ke6 45. Rga1 Kd5 46. Ra4 Rxb2+ 47. Bxb2 Rc2+ 48. Kf1 Rxb2 49. R4a2 Rxa2 50. Rxa2 Kd4 51. g5 h5 52. Ke1 Ke3 53. Rb2 Kf3 54. Rb4 Bf5 55. Kd2 Kg3 56. Rd4 f3 57. Ke3 Bg4 58. Rxd3 f2 0-1

[Event "Sitges Sunway op 4th"]
[Site "Sitges"]
[Date "2017.12.19"]
[Round "5"]
[White "Dardha, Arben"]
[Black "Seyb, Alexander"]
[Result "1/2-1/2"]
[WhiteElo "2279"]
[BlackElo "2411"]
[PlyCount "58"]
[EventDate "2017.12.15"]
[EventType "swiss"]
[EventRounds "9"]
[EventCountry "ESP"]
[SourceTitle "CBM 182 Extra"]
[Source "ChessBase"]
[SourceDate "2018.02.23"]
[SourceVersion "1"]
[SourceVersionDate "2018.02.23"]
[SourceQuality "1"]

1. e4 c5 2. Nf3 d6 3. Bb5+ Nd7 4. d4 cxd4 5. Qxd4 a6 6. Bxd7+ Bxd7 7. c4 b5 8. e5 Rc8 9. Na3 f6 10. exd6 e5 11. Qd5 Qb6 12. cxb5 axb5 13. 0-0 Qxd6 14. Qe4 Ne7 15. Qe2 Qb8 16. Rd1 Nf5 17. b3 Rxc1 18. Raxc1 Bxa3 19. Rc3 Be6 20. Rc6 Kf7 21. g4 Nd6 22. g5 Rc8 23. Ra6 Bc5 24. gxf6 gxf6 25. Nxe5+ fxe5 26. Qh5+ Ke7 27. Qg5+ Kf7 28. Qh5+ Ke7 29. Qg5+ Kf7 1/2-1/2

[Event "Sitges Sunway op 4th"]
[Site "Sitges"]
[Date "2017.12.17"]
[Round "3"]
[White "Ojas, Kulkarni"]
[Black "Seyb, Alexander"]
[Result "1/2-1/2"]
[WhiteElo "2278"]
[BlackElo "2411"]
[PlyCount "65"]
[EventDate "2017.12.15"]
[EventType "swiss"]
[EventRounds "9"]
[EventCountry "ESP"]
[SourceTitle "CBM 182 Extra"]
[Source "ChessBase"]
[SourceDate "2018.02.23"]
[SourceVersion "1"]
[SourceVersionDate "2018.02.23"]
[SourceQuality "1"]

1. e4 e5 2. Nf3 Nc6 3. Nc3 Nf6 4. d4 exd4 5. Nxd4 Bb4 6. Nxc6 bxc6 7. Bd3 0-0 8. 0-0 d5 9. exd5 cxd5 10. Bg5 c6 11. Qf3 h6 12. Bxf6 Qxf6 13. Qxf6 gxf6 14. Ne2 Re8 15. Ng3 Rb8 16. Rad1 a5 17. c4 Be6 18. cxd5 Bxd5 19. b3 a4 20. Nh5 Bc3 21. Nf4 axb3 22. Nxd5 cxd5 23. axb3 Rxb3 24. Rb1 Ra3 25. Rfd1 Re5 26. Bc2 d4 27. Bd3 Kg7 28. Kf1 Rh5 29. h3 Rha5 30. Rb7 Ra1 31. Rxa1 Rxa1+ 32. Rb1 Rxb1+ 33. Bxb1 1/2-1/2

[Event "AUT-chT 1718"]
[Site "Austria"]
[Date "2017.11.18"]
[Round "3.5"]
[White "Sebenik, Matej"]
[Black "Seyb, Alexander"]
[Result "0-1"]
[WhiteElo "2534"]
[BlackElo "2400"]
[PlyCount "78"]
[EventDate "2017.11.16"]
[EventType "team-tourn"]
[EventRounds "11"]
[EventCountry "AUT"]
[SourceTitle "CBM 181 Extra"]
[Source "ChessBase"]
[SourceDate "2017.12.12"]
[SourceVersion "1"]
[SourceVersionDate "2017.12.12"]
[SourceQuality "1"]
[WhiteTeam "Raika Feffernitz"]
[BlackTeam "Salzburg Royal"]
[WhiteTeamCountry "AUT"]
[BlackTeamCountry "AUT"]

1. d4 Nf6 2. c4 g6 3. Nf3 Bg7 4. g3 c6 5. Bg2 d5 6. cxd5 cxd5 7. Ne5 Ne4 8. Nc3 Nxc3 9. bxc3 0-0 10. 0-0 Nc6 11. Nxc6 bxc6 12. Qa4 Qb6 13. Re1 Qa6 14. Qxa6 Bxa6 15. Bf4 Rac8 16. e3 f6 17. g4 Bc4 18. Bf1 Bxf1 19. Kxf1 c5 20. Rab1 e5 21. Bg3 cxd4 22. cxd4 exd4 23. exd4 f5 24. Bd6 Rf7 25. gxf5 Bxd4 26. Be5 Bb6 27. f6 Rd7 28. Rbc1 Rc4 29. Red1 Re4 30. Re1 Kf7 31. Rxe4 dxe4 32. Ke2 Rd5 33. Ba1 Rf5 34. Rd1 Rxf2+ 35. Ke1 Ke6 36. Rd2 Rxd2 37. Kxd2 Bd8 38. Bd4 a6 39. Ke3 Bxf6 0-1

[Event "Bayern-chI Bank Hofmann 21st"]
[Site "Tegernsee"]
[Date "2017.10.31"]
[Round "4"]
[White "Adly, Ahmed"]
[Black "Seyb, Alexander"]
[Result "1-0"]
[WhiteElo "2625"]
[BlackElo "2403"]
[PlyCount "68"]
[EventDate "2017.10.28"]
[EventType "swiss"]
[EventRounds "9"]
[EventCountry "GER"]
[SourceTitle "CBM 181 Extra"]
[Source "ChessBase"]
[SourceDate "2017.12.12"]
[SourceVersion "1"]
[SourceVersionDate "2017.12.12"]
[SourceQuality "1"]

1. d4 Nf6 2. c4 g6 3. g3 c6 4. Bg2 d5 5. Qa4 a6 6. Nf3 b5 7. cxb5 cxb5 8. Qb3 Nc6 9. 0-0 Bg4 10. Be3 Bxf3 11. Bxf3 e6 12. a4 b4 13. a5 Qd7 14. Rc1 Bd6 15. Qa4 Na7 16. Bg5 Qxa4 17. Rxa4 Ke7 18. Nd2 Nb5 19. Nb3 Rac8 20. Raa1 Rc4 21. e4 Nxd4 22. Nxd4 Rxd4 23. exd5 h6 24. Be3 Rxd5 25. Bxd5 Nxd5 26. Rc6 Ra8 27. Bc5 Bxc5 28. Rxc5 Kd6 29. Rc4 Rb8 30. Rac1 Ne7 31. Rc5 h5 32. Kg2 f5 33. f4 Rg8 34. Rc7 Kd5 1-0

[Event "Bayern-chI Bank Hofmann 21st"]
[Site "Tegernsee"]
[Date "2017.10.28"]
[Round "1"]
[White "Seyb, Alexander"]
[Black "Weber, Bernhard"]
[Result "1-0"]
[WhiteElo "2403"]
[BlackElo "2095"]
[PlyCount "44"]
[EventDate "2017.10.28"]
[EventType "swiss"]
[EventRounds "9"]
[EventCountry "GER"]
[SourceTitle "CBM 181 Extra"]
[Source "ChessBase"]
[SourceDate "2017.12.12"]
[SourceVersion "1"]
[SourceVersionDate "2017.12.12"]
[SourceQuality "1"]

1. e4 e5 2. Nf3 Nc6 3. Bc4 Bc5 4. c3 Nf6 5. d3 a6 6. Bb3 Ba7 7. Nbd2 0-0 8. 0-0 d6 9. Nc4 h6 10. a4 Kh8 11. h3 Ne7 12. Nh4 Ng6 13. Nxg6+ fxg6 14. Be3 Nh5 15. Qd2 Qh4 16. Bxh6 Nf4 17. Bxf4 exf4 18. d4 f3 19. Qe3 Bxh3 20. gxh3 Qxh3 21. Qg5 Rf4 22. Ne3 Rh4 1-0

[Event "Bundesliga 1718"]
[Site "Germany"]
[Date "2017.10.22"]
[Round "2.7"]
[White "Seyb, Alexander"]
[Black "Rogozenco, Dorian"]
[Result "1/2-1/2"]
[WhiteElo "2411"]
[BlackElo "2483"]
[PlyCount "50"]
[EventDate "2017.10.21"]
[EventType "team-tourn"]
[EventRounds "15"]
[EventCountry "GER"]
[SourceTitle "CBM 181"]
[Source "ChessBase"]
[SourceDate "2017.11.10"]
[SourceVersion "1"]
[SourceVersionDate "2017.11.10"]
[SourceQuality "1"]
[WhiteTeam "Berlin SF"]
[BlackTeam "Hamburger SK"]
[WhiteTeamCountry "GER"]
[BlackTeamCountry "GER"]

1. e4 c5 2. Nf3 Nc6 3. Bb5 e6 4. 0-0 Nge7 5. Re1 Ng6 6. c3 d5 7. exd5 Qxd5 8. d4 cxd4 9. c4 Qd6 10. Nxd4 Bd7 11. Bxc6 Bxc6 12. Nc3 Be7 13. Be3 a6 14. Qh5 0-0 15. Rad1 Qc7 16. Nb3 Bf6 17. Qa5 Rac8 18. Qxc7 Rxc7 19. Bd4 Be7 20. Bb6 Rcc8 21. f3 Bb4 22. Ba5 Be7 23. Bb6 Bb4 24. Ba5 Be7 25. Bb6 Bb4 1/2-1/2

[Event "Biel MTO op 50th"]
[Site "Biel"]
[Date "2017.07.26"]
[Round "3"]
[White "Perunovic, Milos"]
[Black "Seyb, Alexander"]
[Result "1/2-1/2"]
[WhiteElo "2606"]
[BlackElo "2425"]
[PlyCount "39"]
[EventDate "2017.07.24"]
[EventType "swiss"]
[EventRounds "9"]
[EventCountry "SUI"]
[SourceTitle "CBM 179 Extra"]
[Source "ChessBase"]
[SourceDate "2017.08.23"]
[SourceVersion "1"]
[SourceVersionDate "2017.08.23"]
[SourceQuality "1"]

1. e4 c5 2. Nc3 d6 3. f4 g6 4. Nf3 Bg7 5. Bb5+ Bd7 6. Bc4 Nc6 7. d3 Nf6 8. e5 dxe5 9. fxe5 Nh5 10. Bxf7+ Kxf7 11. e6+ Kg8 12. exd7 Qxd7 13. Be3 b6 14. Qd2 h6 15. 0-0-0 Kh7 16. Ne4 Rhf8 17. Kb1 Nf6 18. h4 Nxe4 19. dxe4 Qxd2 20. Rxd2 1/2-1/2